Health food industry in Japan 2009.

Bibliographic Details
Corporate Author: Malaysia External Trade Development Corporation (MATRADE)
Format: Book
Published: Tokyo: MATRADE Tokyo, 2009.
Series:Product market study : 2009
Subjects:
LEADER 00602cam a2200169 7i4500
001 0000024371
005 20100401090000.0
090 0 0 |a MAT 684.1   |b MAL 
110 2 0 |a Malaysia External Trade Development Corporation (MATRADE) 
245 2 0 |a Health food industry in Japan 2009. 
260 0 0 |a Tokyo:   |b MATRADE Tokyo,   |c 2009. 
300 # # |a [n.p]. 
440 0 0 |a Product market study : 2009 
650 0 0 |a Health food products --   |x Markets --   |z Japan  
651 0 0 |a Japan  
999 |a 0000026039  |b Book  |c MATRADEs Collection  |e Business Information Centre 
999 |a 0000026038  |b Book  |c MATRADEs Collection  |e Business Information Centre